Apologies for any e-conveyance (Record no. 67349)

MARC details
000 -LEADER
fixed length control field 01356cam a2200301 4500
001 - CONTROL NUMBER
control field ABS64188
008 - FIXED-LENGTH DATA ELEMENTS--GENERAL INFORMATION
fixed length control field 000000n2001 000 0 eng u
035 ## - SYSTEM CONTROL NUMBER
System control number (Sirsi) u113126
100 ## - MAIN ENTRY--PERSONAL NAME
Personal name Slessenger, E.
245 ## - TITLE STATEMENT
Title Apologies for any e-conveyance
260 ## - PUBLICATION, DISTRIBUTION, ETC.
Date of publication, distribution, etc. 2001
490 ## - SERIES STATEMENT
Series statement Property Week
Volume/sequential designation 66(22) 1 June 2001, 74-75(2)
520 ## - SUMMARY, ETC.
Summary, etc. Discusses the property industry's response to the government white paper on electronic conveyancing. Under the proposals the Law of Property (Miscellaneous Provisions) Act 1989 will be amended to allow electronic contracts to be deemed to be a document in writing providing certain conditions are met. The Land Registration Act 1925 will also be amended to permit the disposition of registered land electronically, although only those that have prescribed electronic form will be allowed. Notes that electronic signatures are the key to the process.
590 ## - LOCAL NOTE (RLIN)
Local note ABS
650 ## - SUBJECT ADDED ENTRY--TOPICAL TERM
Topical term or geographic name entry element Contracts
9 (RLIN) 6232
650 ## - SUBJECT ADDED ENTRY--TOPICAL TERM
Topical term or geographic name entry element DEEDS
650 ## - SUBJECT ADDED ENTRY--TOPICAL TERM
Topical term or geographic name entry element E-CONTRACTS
650 ## - SUBJECT ADDED ENTRY--TOPICAL TERM
Topical term or geographic name entry element ECONVEYANCING
650 ## - SUBJECT ADDED ENTRY--TOPICAL TERM
Topical term or geographic name entry element E-DEEDS
650 ## - SUBJECT ADDED ENTRY--TOPICAL TERM
Topical term or geographic name entry element ELECTRONIC COMMUNICATIONS ACT 2000 S8
650 ## - SUBJECT ADDED ENTRY--TOPICAL TERM
Topical term or geographic name entry element E-SIGNATURES
650 ## - SUBJECT ADDED ENTRY--TOPICAL TERM
Topical term or geographic name entry element LAND REGISTRATION ACT 1925
650 ## - SUBJECT ADDED ENTRY--TOPICAL TERM
Topical term or geographic name entry element LAW OF PROPERTY (MISCELLANEOUS PROVISIONS) ACT 1989
690 ## - LOCAL SUBJECT ADDED ENTRY--TOPICAL TERM (OCLC, RLIN)
Topical term or geographic name as entry element PROPERTY AND LAND LAW-CONVEYANCING
700 ## - ADDED ENTRY--PERSONAL NAME
Personal name Fenn, K.
700 ## - ADDED ENTRY--PERSONAL NAME
Personal name Dubar, R.
942 ## - ADDED ENTRY ELEMENTS (KOHA)
Suppress in OPAC 0
Holdings
Withdrawn status Lost status Source of classification or shelving scheme Damaged status Not for loan Home library Current library Shelving location Date acquired Total Checkouts Full call number Barcode Date last seen Copy number Price effective from Koha item type
    Dewey Decimal Classification     London London Journal article 18/06/2001   ABS64188 113126-1001 06/08/2019 1 06/08/2019 Journal article